000 00610nam a2200181 i 4500
001 34205
003 ES-MaACL
005 20230906154907.0
007 t|
008 030204s1909 sp ||||1| spa d
100 1 _aBlanco y Sánchez, Rufino.
_929311
245 1 0 _aPestalozzi
_b: su vida y sus obras : Pestalozzi en España /
_cRufino Blanco y Sánchez.
260 _aMadrid :
_b[s.n.,
_c1909] (
_fTipografía de la Revista de Archivos)
300 _aVIII, 504 p., 15 lám. ;
_c17 cm.
600 0 4 _aPestalozzi, Johann Heinrich.
_991453
650 4 _aMétodo Pestalozzi.
_9154052
852 _aES-MaACL
_jF-11283
999 _c34205
_d34205